Rozpoznaj rasy kotów po zdjęciu - Statystyki

Ogólne statystyki
  • Ten quiz został rozwiązany 145 razy
  • Średni wynik to 5 z 16
Statystyki odpowiedzi
Obrazkowy Odpowiedź % Poprawnych
Kot syjamski
81%
Sfinks
77%
Kot perski
53%
Kot rosyjski niebieski
53%
Maine Coon
49%
Ragdoll
43%
Kot norweski leśny
41%
Devon rex
30%
Kot abisyński
26%
Kot syberyjski
20%
Kot birmański
12%
Savannah
11%
Cornish rex
9%
Angora turecka
7%
Kot somalijski
6%
Kot nubijski
3%
Nie znaleziono quizów pasujących do podanych kryteriów
Rozkład punktacji
Procent ludzi z każdym wynikiem
Percentyl według liczby udzielonych odpowiedzi
Twoja historia wyników
Nie rozwiązałeś tego quizu